zpět

Detail výsledku týmu

Fun Bar HK, Hradec Králové

Datum a čas kvízu

31 Celkem bodů Celkový počet nahraných bodů na tomto kvízu bez doplňovacích otázek.
6. Pořadí na kvízu Konečné umístění týmu na tomto kvízu.

Zaznamenané odpovědi

# Otázka Odpověď Body Výsledky
1. Jak se jmenuje tato 26letá mod... Veronika „Veve“ Přikrylová 0
2. Jak se nazývá město, které min... Anchorage 0
3. Nejvyšší soud v Jižní Koreji m... Baby Shark 1
4. Vedení McDonald's v jedné zemi... Japonsko; Pokémon 0.5
5. 25letý švédský atlet překonal... Armand Duplantis; skok o tyči 1
6. Hned v první otázce se zaměřím... 1C 2B 3D 4A 0
7. Z následujících možností vyber... A 1
8. Který z těchto výroků o prezid... B 1
9. NW Präsident byl v roce 1897 p... Tatra, Kopřivnice 1
10. Která zpěvačka nahrála skladbu... Pink 1